000 00480pab a2200169 454500
008 180718b2005 xxu||||| |||| 00| 0 eng d
100 _aHero, Rodney E.
245 _aCrossroads of equality: race/ethnicity and cities in American democracy
260 _c2005
300 _ap.695-705.
362 _aJul
650 _aUrban development - United States
650 _aEthnic groups - United States
650 _aEthnic groups
773 _aUrban Affairs Review
909 _a66060
999 _c66060
_d66060